[Event "XII Sabadell Open 2019"]
[Site "Sabadell"]
[Date "2019.09.05"]
[Round "4.15"]
[White "Alonso Castillo, Sergio"]
[Black "Llonch Farres, Gerard"]
[Result "1-0"]
[WhiteElo "2037"]
[BlackElo "1585"]
[Annotator "NA"]
[PlyCount "83"]
[EventDate "2019.09.01"]
[EventCountry "ESP"]
[SourceTitle "playchess.com"]
[Source "ChessBase"]
[SourceQuality "1"]
[TimeControl "5400+30"]

1. Nf3 {[%emt 0:01:02]} d5 {[%emt 0:00:07]} 2. g3 {[%emt 0:00:14]} Nf6 {[%emt 0:00:39]} 3. Bg2 {[%emt 0:00:11]} c5 {[%emt 0:00:27]} 4. O-O {[%emt 0:00:26]} Nc6 {[%emt 0:00:48]} 5. d3 {[%emt 0:01:16]} e6 {[%emt 0:01:06]} 6. Nbd2 {[%emt 0:00:56]} Be7 {[%emt 0:02:27]} 7. e4 {[%emt 0:02:06]} d4 {[%emt 0:04:24]} 8. e5 {[%emt 0:03:20] C00: French: Unusual White 2nd moves} (8. a4 O-O 9. Nc4 b6 10. Bd2 Bb7 11. Ne1 a6 12. f4 b5 13. Na3 Qb6 14. Kh1 c4 15. Qe2 Bxa3 16. bxa3 c3 {1-0 (36) Novik,M (2457)-Bucinskas,V (2328) Lithuania 2018}) 8... Nd5 {[%emt 0:00:25]} 9. Re1 {[%emt 0:01:03]} O-O {[%emt 0:06:03]} 10. h4 {[%emt 0:08:33]} f6 {[%emt 0:00:35]} 11. exf6 {[%emt 0:03:29]} Bxf6 {[%emt 0:03:45]} 12. Ne4 {[%emt 0:06:35]} Be7 {[%emt 0:02:18]} 13. Neg5 {[%emt 0:04:46]} Bxg5 $146 {[%emt 0:06:27]} ({Predecessor:} 13... Rf6 14. Bh3 Qf8 15. Bxe6+ Bxe6 16. Nxe6 Qf7 {1-0 (40) Catta Preta,D (2134)-Leite,E (2013) Brazil 2001}) 14. Bxg5 {[%emt 0:02:51]} Qd6 {[%emt 0:02:39]} 15. Qe2 {[%emt 0:01:22]} h6 {[%emt 0:02:11]} 16. Bd2 {[%emt 0:00:08]} Bd7 {[%emt 0:02:50]} 17. Ne5 {[%emt 0:03:58]} Rae8 {[%emt 0:00:51]} 18. Bh3 {[%emt 0:04:17]} Rf6 {[%emt 0:08:00]} 19. Qe4 {[%emt 0:05:49]} Ndb4 {[%emt 0:11:02]} 20. Bxb4 {[%emt 0:05:18]} Nxb4 {[%emt 0:02:46]} 21. Nxd7 {[%emt 0:03:29]} Qxd7 {[%emt 0:02:12]} 22. Re2 {[%emt 0:00:10]} Nd5 {[%emt 0:03:28]} 23. Rae1 {[%emt 0:02:22]} Kf7 {[%emt 0:00:57]} 24. Qe5 {[%emt 0:06:32]} b5 {[%emt 0:05:20]} 25. Qh5+ {[%emt 0:02:04]} Kf8 {[%emt 0:00:42]} 26. Re5 {[%emt 0:03:00]} c4 {[%emt 0:02:04]} 27. dxc4 {[%emt 0:06:44]} bxc4 {[%emt 0:00:32]} 28. Qe2 {[%emt 0:00:49]} c3 {[%emt 0:04:03]} 29. bxc3 {[%emt 0:00:31]} Nxc3 {[%emt 0:00:25]} 30. Qc4 {[%emt 0:04:03]} Kf7 {[%emt 0:00:40]} 31. Rc5 {[%emt 0:01:35]} Nd5 {[%emt 0:11:16]} 32. Qxd4 {[%emt 0:03:18]} Re7 {[%emt 0:01:39]} 33. Bxe6+ {[%emt 0:09:59]} Rfxe6 {[%emt 0:00:10]} 34. Rxe6 {[%emt 0:00:13]} Rxe6 {[%emt 0:00:42]} 35. Rxd5 {[%emt 0:01:57]} Re1+ {[%emt 0:00:44]} 36. Kh2 {[%emt 0:01:49]} Qc6 {[%emt 0:00:45]} 37. Qxa7+ {[%emt 0:03:20]} Ke6 {[%emt 0:00:21]} (37... Kg8 $142 38. Qd4 Qxc2) 38. c4 {[%emt 0:03:44]} Qxc4 $18 {[%emt 0:00:09]} 39. Qd7+ {[%emt 0:00:35]} Kf6 {[%emt 0:00:12]} 40. Rd6+ {[%emt 0:00:25]} Ke5 {[%emt 0:00:32]} 41. Qe7+ {[%emt 0:01:17]} Kf5 {[%emt 0:00:02]} 42. Qxe1 {[%emt 0:00:11]} 1-0

[Event "XII Sabadell Open 2019"]
[Site "Sabadell"]
[Date "2019.09.06"]
[Round "5.1"]
[White "Diaz Camallonga, Carles"]
[Black "Umetsubo, Cesar Hidemitsu"]
[Result "1-0"]
[WhiteElo "2440"]
[BlackElo "2403"]
[Annotator "TA"]
[PlyCount "73"]
[EventDate "2019.09.01"]
[EventCountry "ESP"]
[SourceTitle "playchess.com"]
[Source "ChessBase"]
[SourceQuality "1"]

{[%evp 18,72,18,6,28,19,29,0,34,34,36,24,37,15,85,83,90,86,131,120,128,136,181,145,188,164,152,94,91,94,98,93,195,140,180,175,218,212,231,220,200,149,135,145,606,610,586,583,882,843,29985,29986,29986,29987,29985,29986,29999]} 1. e4 c5 2. Nf3 e6 3. d4 cxd4 4. Nxd4 Nf6 5. Nc3 d6 6. g3 Nc6 7. Bg2 Bd7 8. Nb3 Be7 9. O-O O-O 10. Kh1 Ne5 {B80: Sicilian Scheveningen: 6 g3 and 6 Be3, including English Attack} (10... Rc8 11. f4 a6 12. a4 Nb4 13. Nd4 Nc6 14. Nb3 h6 15. a5 e5 16. Nd5 exf4 17. Bxf4 Nxd5 18. exd5 {0-1 (102) Saltaev,M (2483)-Movsesian,S (2663) Bilbao 2014}) 11. f4 Nc4 12. g4 {[#]} d5 $146 {[%mdl 512] The position is equal.} ({Predecessor:} 12... b5 13. g5 Ne8 14. h4 f6 15. Qg4 g6 16. Bh3 Ng7 17. Nd4 Qb6 18. Qg1 {1-0 (35) Himanshu,S (2493)-Miciano,J (2267) Bangkok 2017}) 13. e5 (13. exd5 Nxd5) 13... Ne8 14. Nd4 Rc8 15. b3 Nb6 (15... Nxe5 $11 {remains equal.} 16. Nxd5 exd5 17. fxe5 Nc7) 16. Nce2 $16 Nc7 17. a4 Be8 18. f5 Nd7 19. Bf4 Bg5 20. Qd2 Bxf4 21. Qxf4 f6 22. Nxe6 ({White should play} 22. Qg3) 22... Nxe6 23. fxe6 Nxe5 24. Nd4 Qd6 (24... Ng6 $16 25. Qf2 Ne7) 25. Rad1 ({White should try} 25. g5 $18) 25... Bc6 26. g5 fxg5 27. Qxg5 Rxf1+ 28. Rxf1 {Threatens to win with Nf5!} Ng6 29. Rf7 Qb4 30. Qe3 $40 {[%mdl 128] White is out for blood.} Rf8 $2 {[%mdl 8192]} (30... Be8 $16) 31. c3 $18 Qa3 32. Nxc6 {Strongly threatening Ne7+!} bxc6 33. Qxa7 Rxf7 34. Qxf7+ {White mates.} Kh8 35. Qe8+ {[%mdl 64] [#] Double Attack} Nf8 36. Bf1 Qxb3 37. Qxf8# {Accuracy: White = 70%, Black = 21%.} 1-0

[Event "XII Sabadell Open 2019"]
[Site "Sabadell"]
[Date "2019.09.06"]
[Round "5.4"]
[White "Valderrama Quiceno, Esteban Alb"]
[Black "Gomez Jurado, Luis Alberto"]
[Result "1-0"]
[WhiteElo "2407"]
[BlackElo "2307"]
[Annotator "ChessBase"]
[PlyCount "105"]
[EventDate "2019.09.01"]
[EventCountry "ESP"]
[SourceTitle "playchess.com"]
[Source "ChessBase"]
[SourceQuality "1"]
[TimeControl "5400+30"]

1. Nf3 {[%emt 0:03:55]} Nf6 {[%emt 0:00:00]} 2. b3 {[%emt 0:01:34]} d5 {[%emt 0:00:18]} 3. Bb2 {[%emt 0:00:14]} e6 {[%emt 0:00:09]} 4. e3 {[%emt 0:00:19]} Be7 {[%emt 0:03:05]} 5. Be2 {[%emt 0:00:18]} a5 {[%emt 0:00:38]} 6. a3 {[%emt 0:02:25]} b6 {[%emt 0:02:22]} 7. O-O {[%emt 0:00:26]} O-O {[%emt 0:00:07]} 8. c4 {[%emt 0:01:41]} Ba6 {[%emt 0:00:39]} 9. Qc2 {[%emt 0:02:15]} c5 {[%emt 0:04:09]} 10. Nc3 {[%emt 0:08:32]} Nc6 {[%emt 0:00:47]} 11. cxd5 {[%emt 0:10:11]} Bxe2 {[%emt 0:02:07]} 12. Nxe2 {[%emt 0:00:10]} exd5 {[%emt 0:06:27]} 13. d4 {[%emt 0:03:06]} Qd7 {[%emt 0:04:13]} 14. Rfd1 {[%emt 0:14:54]} Rfd8 {[%emt 0:09:24]} 15. Nf4 {[%emt 0:05:29]} Rac8 {[%emt 0:09:52]} 16. dxc5 {[%emt 0:02:43]} bxc5 {[%emt 0:00:07]} 17. Rac1 {[%emt 0:03:55]} d4 {[%emt 0:02:46]} 18. Ne2 {[%emt 0:12:39]} Qe6 {[%emt 0:19:13]} 19. exd4 {[%emt 0:01:08]} Nxd4 {[%emt 0:02:04]} 20. Nexd4 {[%emt 0:00:13]} cxd4 {[%emt 0:00:03]} 21. Qd3 {[%emt 0:00:12]} Rxc1 {[%emt 0:02:54]} 22. Rxc1 {[%emt 0:00:16]} h6 {[%emt 0:02:43]} 23. g3 {[%emt 0:03:10]} Qh3 {[%emt 0:08:43]} 24. Rc4 {[%emt 0:02:10]} Re8 {[%emt 0:05:57]} 25. Rxd4 {[%emt 0:03:30]} Bc5 {[%emt 0:00:39]} 26. Rd8 {[%emt 0:00:49]} Qe6 {[%emt 0:03:33]} 27. Bxf6 {[%emt 0:00:28]} gxf6 {[%emt 0:00:07]} 28. Rxe8+ {[%emt 0:00:15]} Qxe8 {[%emt 0:00:04]} 29. a4 {[%emt 0:00:09]} Kg7 {[%emt 0:02:18]} 30. Kg2 {[%emt 0:01:17]} Qa8 {[%emt 0:00:29]} 31. Qf5 {[%emt 0:00:53]} Qc6 {[%emt 0:00:20]} 32. Qc2 {[%emt 0:00:31]} Qd5 {[%emt 0:00:36]} 33. Qc4 {[%emt 0:00:39]} Qc6 {[%emt 0:01:14]} 34. Qb5 {[%emt 0:00:59]} Qc7 {[%emt 0:01:11]} 35. Nh4 {[%emt 0:00:14]} Bb4 {[%emt 0:00:59]} 36. Nf5+ {[%emt 0:00:19]} Kh7 {[%emt 0:01:04]} 37. Qd5 {[%emt 0:01:19]} Bf8 {[%emt 0:00:48]} 38. h4 {[%emt 0:00:05]} Kg8 {[%emt 0:00:13]} 39. h5 {[%emt 0:00:52]} Qb6 {[%emt 0:01:33]} 40. Ne3 {[%emt 0:01:20]} Bb4 {[%emt 0:00:25]} 41. Qa8+ {[%emt 0:01:59]} Bf8 {[%emt 0:00:33]} 42. Nf5 {[%emt 0:00:43]} Kh7 {[%emt 0:00:14]} 43. Qe4 {[%emt 0:04:32]} Bc5 {[%emt 0:03:45]} 44. Kh3 {[%emt 0:04:06]} Bf8 {[%emt 0:01:50]} 45. Nd6+ {[%emt 0:02:22]} Kg8 {[%emt 0:01:14]} 46. Qg4+ {[%emt 0:00:06]} Kh7 {[%emt 0:00:16]} 47. Nxf7 {[%emt 0:00:15]} Bg7 {[%emt 0:00:07]} 48. Qg6+ {[%emt 0:00:08]} Kg8 {[%emt 0:00:05]} 49. Nxh6+ {[%emt 0:00:05]} Kh8 {[%emt 0:00:02]} 50. Nf5 {[%emt 0:00:47]} Bf8 {[%emt 0:00:17]} 51. Qf7 {[%emt 0:00:17]} Qb4 {[%emt 0:00:33]} 52. Nh4 {[%emt 0:01:23]} Bg7 {[%emt 0:00:26]} 53. h6 {[%emt 0:00:09]} 1-0

[Event "XII Sabadell Open 2019"]
[Site "Sabadell"]
[Date "2019.09.06"]
[Round "5.5"]
[White "Lorenzo De La Riva, Lazaro"]
[Black "Moskalenko, Viktor"]
[Result "1/2-1/2"]
[WhiteElo "2392"]
[BlackElo "2475"]
[Annotator "TA"]
[PlyCount "65"]
[EventDate "2019.09.01"]
[EventCountry "ESP"]
[SourceTitle "playchess.com"]
[Source "ChessBase"]
[SourceQuality "1"]

{[%evp 11,65,32,33,15,22,20,17,11,22,5,1,-32,-28,-25,-25,-20,-17,-37,-19,-39,-40,-43,-41,-56,-33,-45,-10,-9,31,-4,0,0,0,0,0,0,0,-14,0,0,0,0,0,-5,-8,-14,-6,-8,0,-9,0,-13,0,-11,0,-16]} 1. e4 e6 2. d4 d5 3. Nd2 Nf6 4. e5 Nfd7 5. c3 c5 6. Bd3 b6 7. h4 {C06: French Tarrasch: 3...Nf6 4 e5 Nfd7 5 Bd3 main lines} (7. Ne2 Ba6 8. Bxa6 Nxa6 9. Nf3 Nc7 10. h4 Nb8 11. Nf4 Nc6 12. Kf1 Qd7 13. g3 f6 14. Kg2 O-O-O 15. Qe2 Be7 16. Re1 Rhe8 17. Nh5 fxe5 18. Nxe5 Nxe5 19. Qxe5 {½-½ (33) Cheparinov,I (2715)-Lopez Martinez,J (2581) Batumi 2018}) 7... Ba6 8. Bxa6 Nxa6 {[%cal Bb8a6,Ba6b4,Bb4c6][%mdl 32]} 9. Ne2 $146 ({Predecessor:} 9. h5 cxd4 10. cxd4 Nb4 11. Nb1 Qc8 12. Nc3 Qc4 13. Nge2 Qd3 14. Qxd3 Nxd3+ {1-0 (47) Kurmann,O (2505)-Huss,A (2233) Zuerich 2017}) 9... b5 10. Nf3 b4 11. cxb4 Nxb4 12. O-O $1 Nc6 13. Qa4 Rc8 14. Be3 c4 15. h5 h6 16. Qd1 Be7 17. Nh2 Rb8 18. b3 cxb3 19. axb3 Qb6 20. Rb1 Nb4 {The position is equal.} 21. Qd2 Qb5 22. Rfd1 Rc8 {[#] Strongly threatening ...Rc2.} 23. Nc3 Qb7 24. Ng4 Nc6 25. Na4 Bb4 26. Qd3 Ne7 27. Nh2 a6 28. Bd2 Bxd2 29. Qxd2 Qb5 30. Nc3 Qb7 31. Na4 Qb5 32. Nc3 Qb7 33. Na4 {Accuracy: White = 46%, Black = 46%.} 1/2-1/2

[Event "XII Sabadell Open 2019"]
[Site "Sabadell"]
[Date "2019.09.06"]
[Round "5.6"]
[White "Stella, Andrea"]
[Black "Esplugas Esteve, Vicenc"]
[Result "1/2-1/2"]
[WhiteElo "2487"]
[BlackElo "2372"]
[Annotator "TA"]
[PlyCount "103"]
[EventDate "2019.09.01"]
[EventCountry "ESP"]
[SourceTitle "playchess.com"]
[Source "ChessBase"]
[SourceQuality "1"]

{[%evp 15,103,11,7,8,15,7,29,7,7,4,4,15,12,0,10,0,6,6,29,20,20,20,20,20,20,20,28,26,28,25,31,5,7,5,30,34,36,21,30,10,15,11,35,33,38,17,24,17,58,58,59,59,62,66,74,0,66,0,67,0,74,0,87,0,87,24,96,21,21,21,21,21,21,21,21,21,31,0,0,0,0,0,0,0,0,0,0,0,0,0]} 1. d4 Nf6 2. c4 e6 3. Nc3 Bb4 4. Qc2 O-O 5. Nf3 d5 6. a3 Bxc3+ 7. Qxc3 dxc4 8. Qxc4 b6 9. Bg5 {E36: Nimzo-Indian: Classical: 4...d5 5 a3} Ba6 10. Qa4 Qd7 (10... h6 {feels hotter.} 11. Bh4 c6 12. Rc1 Bb5 13. Qc2 Nbd7) 11. Qxd7 {White has an edge.} (11. Qc2 {is interesting.} Rc8 12. Bxf6 gxf6 13. Qe4 Qb5 14. O-O-O) (11. Qc2 c5 12. dxc5 Rc8 13. Bxf6 gxf6 14. Qe4 Qb5 15. b4 bxc5 16. e3 Qb7 {½-½ (35) Nisipeanu,L (2667)-Movsesian,S (2639) Teplice 2019}) 11... Nbxd7 12. Bxf6 gxf6 13. e3 Bb7 14. Bb5 Rfd8 15. Rc1 $146 ({Predecessor:} 15. O-O c6 16. Be2 c5 {½-½ (49) Sarkar,J (2415)-Petrov,N (2512) Sitges 2016}) 15... Rac8 16. b4 a6 17. Bc6 Bxc6 18. Rxc6 Nb8 $1 {[%cal Rb8c6]} 19. Rc1 c5 20. bxc5 bxc5 21. Ke2 Nd7 22. Rhd1 {White wants to play dxc5.} cxd4 23. Rxc8 Rxc8 24. Rxd4 Ne5 25. Nxe5 fxe5 $11 {[%mdl 4096] Endgame KR-KR} 26. Rd6 Rc2+ 27. Kf3 a5 28. Ra6 Rc5 29. g4 Kg7 30. Ra7 Kg6 31. h4 h6 32. h5+ Kf6 33. Kg3 Rd5 34. Ra8 Rc5 35. Kf3 (35. Ra6 $16) 35... Kg7 (35... Kg5 $11) 36. Ra7 Kf6 37. Kg3 Rd5 38. Ra8 Rc5 39. Kf3 Kg7 {[#]} 40. a4 (40. Ra6 $1 $16) 40... Kf6 (40... f5 $1 $11) 41. Rg8 (41. Kg3 $16) 41... Rc1 $1 42. e4 Rg1 43. Ra8 Ra1 {White must now prevent ...Ra3+.} 44. Rxa5 Ra3+ 45. Kg2 {[#] Hoping for f3.} Kg5 $1 46. Rxe5+ Kxg4 {The position is equal.} 47. Ra5 Kf4 48. Ra7 f6 49. Ra6 Kg5 50. Rxe6 {Strongly threatening e5.} Rxa4 51. Kg3 Kxh5 52. Rxf6 {Accuracy: White = 43%, Black = 68%.} 1/2-1/2

[Event "XII Sabadell Open 2019"]
[Site "Sabadell"]
[Date "2019.09.06"]
[Round "5.7"]
[White "Kulkarni, Vinayak"]
[Black "Oliva Castaneda, Kevel"]
[Result "0-1"]
[WhiteElo "2121"]
[BlackElo "2470"]
[Annotator "TA"]
[PlyCount "72"]
[EventDate "2019.09.01"]
[EventCountry "ESP"]
[SourceTitle "playchess.com"]
[Source "ChessBase"]
[SourceQuality "1"]

{[%evp 9,72,22,23,23,30,16,18,13,14,13,15,14,18,18,25,0,0,0,0,0,12,0,7,0,0,0,49,-17,-8,-7,-10,-35,-30,-85,-75,-98,-83,-154,-116,-121,-108,-126,-133,-138,-130,-460,-425,-436,-461,-410,-418,-454,-489,-534,-504,-690,-534,-746,-740,-1132,-1312,-1289,-1238,-1890,-1791]} 1. d4 d5 2. c4 e6 3. Nc3 a6 4. cxd5 exd5 5. Bf4 (5. Nf3 h6 6. Bf4 Nf6 7. e3 Bd6 8. Bxd6 Qxd6 9. Qc2 O-O 10. Bd3 Re8 11. h3 Be6 12. O-O Nbd7 13. a4 {½-½ (40) Shankland,S (2725)-Carlsen,M (2835) Wijk aan Zee 2019}) 5... Nf6 6. e3 {D31: Queen's Gambit Declined: Semi-Slav without ...Nf6 (+ Marshall Gambit and Noteboom) and Exchange Variation lines without ...Nf6} Bd6 7. Bg5 c6 8. Bd3 {The position is equal.} O-O 9. Nge2 Re8 10. Qc2 h6 11. Bh4 Be6 12. f3 $146 ({Predecessor:} 12. O-O-O Nbd7 {1-0 (48) Salem,A (2656)-Vitiugov,N (2726) Doha 2016}) 12... c5 13. Qd2 Nc6 14. O-O b5 {[%cal Bb7b5,Bb5b4][%mdl 32]} 15. Rac1 c4 16. Bb1 b4 17. Na4 Be7 18. Bf2 (18. Nf4 $14) 18... Qa5 19. b3 c3 20. Qd1 Bd7 $36 {[%mdl 2048] Black fights for an advantage.} 21. Nf4 (21. a3 $11 {keeps the balance.}) 21... Bd6 $17 22. Nd3 Qc7 23. Kh1 (23. h3 $142) 23... Bf5 24. Bg1 a5 25. Rc2 Na7 {[%cal Bc6a7,Ba7b5,Bb5d4,Bd4f3][%mdl 32]} 26. Re2 Nb5 27. Ndc5 $2 {[%mdl 8192]} (27. Bc2 $17) 27... Bxb1 $19 28. Qxb1 {[#]} Nxd4 $1 {[%mdl 576] Pin} 29. Ree1 (29. exd4 Rxe2) 29... Nxf3 ({Not} 29... Bxc5 30. exd4 Bd6 31. g3 $19) 30. Rxf3 Bxc5 {Black is clearly winning.} 31. Qd3 Be7 32. Bf2 Ne4 33. Qxd5 Bg5 34. Bg3 Nxg3+ 35. hxg3 Rad8 36. Qb5 c2 {Accuracy: White = 28%, Black = 71%.} 0-1

[Event "XII Sabadell Open 2019"]
[Site "Sabadell"]
[Date "2019.09.06"]
[Round "5.8"]
[White "Ortega Serra, Marc"]
[Black "Martinez Romero, Martin"]
[Result "1-0"]
[WhiteElo "2297"]
[BlackElo "2421"]
[Annotator "TA"]
[PlyCount "45"]
[EventDate "2019.09.01"]
[EventCountry "ESP"]
[SourceTitle "playchess.com"]
[Source "ChessBase"]
[SourceQuality "1"]

{[%evp 12,45,54,42,104,49,45,0,95,50,66,60,54,42,70,0,105,112,322,327,329,309,435,333,407,420,381,364,618,590,1004,1022,1010,993,931,891]} 1. d4 Nf6 2. c4 e6 3. Nc3 c5 4. d5 exd5 5. cxd5 d6 6. e4 g6 7. f4 a6 {A66: Modern Benoni: Mikenas Attack} (7... Bg7 $14) (7... Bg7 8. Bb5+ Nfd7 9. a4 O-O 10. Nf3 Na6 11. O-O Nb4 12. Kh1 a6 13. Bc4 Nb6 14. Bb3 Bg4 15. a5 Nd7 16. h3 Bxf3 17. Qxf3 Rc8 18. Bc4 Nc2 19. Ra2 Nd4 20. Qf2 {0-1 (38) Moiseenko,A (2628)-Donchenko,A (2615) Riga 2019}) 8. Nf3 ({White should try} 8. e5 $16) 8... Bg7 $14 9. e5 Nfd7 (9... dxe5 $1 $11 10. fxe5 Ng4) 10. e6 ({But not} 10. exd6 $6 O-O $11) 10... fxe6 11. dxe6 Nf6 $1 12. Ng5 $146 {[%mdl 2048] Strongly threatening Nf7. White has the initiative.} ({Predecessor:} 12. Bc4 Qe7 13. O-O b5 14. Nd5 Nxd5 15. Bxd5 Ra7 {0-1 (48) Colpe,M (2045)-Jovalekic,O (2097) playchess.com INT 2011}) 12... O-O 13. f5 (13. Bc4 $14 Qe7 14. f5) 13... gxf5 (13... Nc6 $11 {remains equal.}) 14. Bc4 $16 {[#] Hoping for e7+.} Qe7 $2 (14... Kh8 $16) 15. O-O Nc6 16. Rxf5 Ne5 {[#]} (16... Nb4 $142 17. a3 d5) 17. Rxf6 $1 {[%mdl 576] Remove Defender, Decoy} Rxf6 (17... Qxf6 18. e7+) 18. Nd5 $1 {[%csl LRe7,LRf6][%mdl 64] Double Attack} Qe8 19. Ne4 ({Not} 19. Nxf6+ Bxf6 20. Bd5 Kg7 $16) 19... Rg6 $2 (19... Rf8) 20. Nxd6 $18 {White is clearly winning.} Nxc4 21. Nxe8 Bd4+ 22. Kh1 Bxe6 23. Ne7+ {[%mdl 64] Double Attack. Accuracy: White = 59%, Black = 29%.} 1-0

[Event "XII Sabadell Open 2019"]
[Site "Sabadell"]
[Date "2019.09.06"]
[Round "5.9"]
[White "Sanchez, Sebastian Felipe"]
[Black "Quesada Vera, Liordis"]
[Result "1-0"]
[WhiteElo "2413"]
[BlackElo "2389"]
[Annotator "ChessBase"]
[PlyCount "69"]
[EventDate "2019.09.01"]
[EventCountry "ESP"]
[SourceTitle "playchess.com"]
[Source "ChessBase"]
[SourceQuality "1"]
[TimeControl "5400+30"]

1. d4 {[%emt 0:25:36]} Nf6 {[%emt 0:00:00]} 2. c4 {[%emt 0:00:08]} d6 {[%emt 0:00:00]} 3. Nf3 {[%emt 0:00:06]} Nbd7 {[%emt 0:00:00]} 4. Nc3 {[%emt 0:00:11]} e5 {[%emt 0:00:00]} 5. g3 {[%emt 0:00:05]} Be7 {[%emt 0:00:03]} 6. Bg2 {[%emt 0:00:18]} O-O {[%emt 0:00:09]} 7. O-O {[%emt 0:00:05]} c6 {[%emt 0:00:07]} 8. e4 {[%emt 0:03:50]} a6 {[%emt 0:04:42]} 9. Qe2 {[%emt 0:05:25]} Qe8 {[%emt 0:09:34]} 10. Rd1 {[%emt 0:00:00]} b5 {[%emt 0:10:03]} 11. h3 {[%emt 0:00:00]} bxc4 {[%emt 0:22:56]} 12. Qxc4 {[%emt 0:00:00]} Nb6 {[%emt 0:00:07]} 13. Qe2 {[%emt 0:00:00]} Nfd7 {[%emt 0:00:11]} 14. Be3 {[%emt 0:00:20]} Bf6 {[%emt 0:12:46]} 15. dxe5 {[%emt 0:03:17]} dxe5 {[%emt 0:02:10]} 16. Rd6 {[%emt 0:06:35]} Bb7 {[%emt 0:00:00]} 17. Bf1 {[%emt 0:15:44]} Be7 {[%emt 0:02:45]} 18. Rd2 {[%emt 0:00:00]} c5 {[%emt 0:17:44]} 19. Rad1 {[%emt 0:00:00]} f5 {[%emt 0:00:59]} 20. exf5 {[%emt 0:00:19]} e4 {[%emt 0:01:45]} 21. Nh2 {[%emt 0:12:25]} Ne5 {[%emt 0:01:53]} 22. Bf4 {[%emt 0:12:01]} Nec4 {[%emt 0:08:16]} 23. Rc2 {[%emt 0:00:00]} e3 {[%emt 0:00:37]} 24. fxe3 {[%emt 0:00:00]} Rxf5 {[%emt 0:02:03]} 25. e4 {[%emt 0:00:00]} Rxf4 {[%emt 0:01:41]} 26. gxf4 {[%emt 0:00:00]} Bf6 {[%emt 0:00:16]} 27. e5 {[%emt 0:00:00]} Qg6+ {[%emt 0:01:12]} 28. Bg2 {[%emt 0:00:00]} Re8 {[%emt 0:00:43]} 29. Ng4 {[%emt 0:01:37]} h5 {[%emt 0:01:09]} 30. Bxb7 {[%emt 0:01:27]} Bxe5 {[%emt 0:00:34]} 31. Be4 {[%emt 0:00:36]} Bd4+ {[%emt 0:00:32]} 32. Rxd4 {[%emt 0:00:35]} Qf7 {[%emt 0:00:18]} 33. Rxc4 {[%emt 0:01:19]} hxg4 {[%emt 0:00:02]} 34. Rxc5 {[%emt 0:01:49]} Qxf4 {[%emt 0:01:01]} 35. Bd5+ {[%emt 0:01:38]} 1-0

[Event "XII Sabadell Open 2019"]
[Site "Sabadell"]
[Date "2019.09.06"]
[Round "5.10"]
[White "Valdes Romero, Leonardo"]
[Black "Lever, Erwan"]
[Result "1/2-1/2"]
[WhiteElo "2399"]
[BlackElo "2221"]
[Annotator "TA"]
[PlyCount "56"]
[EventDate "2019.09.01"]
[EventCountry "ESP"]
[SourceTitle "playchess.com"]
[Source "ChessBase"]
[SourceQuality "1"]

{[%evp 22,56,17,20,29,10,23,23,27,25,41,26,37,33,50,48,47,27,22,31,31,26,18,15,25,15,15,15,22,0,0,0,15,15,15,15,30]} 1. Nf3 Nf6 2. c4 g6 3. g3 Bg7 4. Bg2 c6 5. d4 d5 6. O-O O-O 7. cxd5 cxd5 8. Nc3 Ne4 9. Ne5 Nxc3 10. bxc3 Nc6 11. Nxc6 bxc6 12. Qa4 Bd7 {D79: Fianchetto Grünfeld: Symmetrical Variation (6 0-0 c6 7 cxd5 cxd5)} (12... Qb6 13. e4 Qa6 14. Qb4 dxe4 15. Bxe4 e5 16. dxe5 Bxe5 17. Be3 Be6 18. Qc5 Bg7 19. Rfd1 Rad8 20. Rxd8 Rxd8 {½-½ (32) Karjakin,S (2753)-Grischuk,A (2771) Shamkir 2019}) 13. Ba3 Re8 14. Bc5 Qc7 {White has an edge.} 15. Rac1 $146 ({Predecessor:} 15. Rab1 Bf5 16. Rb4 Reb8 17. Rc1 e6 18. c4 Rxb4 19. Qxb4 a5 {½-½ (29) Velikov,P (2485)-Vogt,L (2485) Nordhausen 1987}) 15... e5 16. e3 a5 17. Qa3 Bf5 18. c4 e4 19. Qa4 h5 20. h4 Bg4 21. Rfe1 Bf6 22. Ba3 {[#] Threatens to win with cxd5.} Qd7 23. cxd5 cxd5 {The position is equal.} 24. Qxd7 Bxd7 25. Rc7 Be6 26. Rb1 Rec8 27. Rxc8+ Rxc8 28. Bc5 Bg7 {Accuracy: White = 55%, Black = 53%.} 1/2-1/2

[Event "XII Sabadell Open 2019"]
[Site "Sabadell"]
[Date "2019.09.06"]
[Round "5.11"]
[White "Avila Pavas, Santiago"]
[Black "Rodriguez Velasco, German Enrique"]
[Result "1-0"]
[WhiteElo "2412"]
[BlackElo "2148"]
[Annotator "ChessBase"]
[PlyCount "46"]
[EventDate "2019.09.01"]
[EventCountry "ESP"]
[SourceTitle "playchess.com"]
[Source "ChessBase"]
[SourceQuality "1"]
[TimeControl "5400+30"]

1. Nf3 {[%emt 0:00:00]} Nf6 {[%emt 0:26:38]} 2. d4 {[%emt 0:00:00]} c5 {[%emt 0:00:11]} 3. c3 {[%emt 0:02:07]} d5 {[%emt 0:00:56]} 4. dxc5 {[%emt 0:01:58]} e6 {[%emt 0:00:37]} 5. b4 {[%emt 0:01:15]} Be7 {[%emt 0:03:04]} 6. Bb2 {[%emt 0:04:29]} O-O {[%emt 0:00:18]} 7. Nbd2 {[%emt 0:00:08]} Nbd7 {[%emt 0:00:29]} 8. c4 {[%emt 0:05:00]} dxc4 {[%emt 0:00:55]} 9. e4 {[%emt 0:02:09]} a5 {[%emt 0:02:07]} 10. a3 {[%emt 0:00:44]} axb4 {[%emt 0:00:41]} 11. axb4 {[%emt 0:00:09]} Rxa1 {[%emt 0:00:04]} 12. Qxa1 {[%emt 0:04:02]} b5 {[%emt 0:00:18]} 13. Qa7 {[%emt 0:02:09]} Ne8 {[%emt 0:02:28]} 14. Be2 {[%emt 0:03:14]} Nc7 {[%emt 0:00:38]} 15. Nd4 {[%emt 0:12:38]} Nf6 {[%emt 0:10:00]} 16. Nc6 {[%emt 0:00:00]} Qd7 {[%emt 0:00:09]} 17. Nb8 {[%emt 0:00:00]} Qd8 {[%emt 0:01:14]} 18. Be5 {[%emt 0:00:00]} Nxe4 {[%emt 0:01:16]} 19. Nxe4 {[%emt 0:00:00]} Qd5 {[%emt 0:09:35]} 20. Bf3 {[%emt 0:11:15]} Qxe5 {[%emt 0:00:00]} 21. Nc6 {[%emt 0:00:07]} Qf4 {[%emt 0:00:00]} 22. Nxe7+ {[%emt 0:00:10]} Kh8 {[%emt 0:00:00]} 23. Nxc8 {[%emt 0:02:08]} Rxc8 {[%emt 0:00:00]} 1-0